000 01033nam a2200265 a 4500
001 000029158
003 DO-SdBNP
005 20250221073755.0
007 ta
008 110413s2008 dr ab 000 0 spa d
040 _aDO-SdBNP
_bspa
_cBNPHU
082 4 _a304.6097293
_bE56n, 2006
245 0 0 _aEncuesta nacional de hogares de propósitos múltiples (ENHOGAR 2006) :
_binforme general /
_cpresentación Pablo Tactuk.
260 _aSanto Domingo :
_bONE,
_c2008.
300 _a181, [94] :
_bil., map. ;
_c28 cm.
590 _aInventariado, 2018/BT
650 1 4 _aPoblación
_xRepública dominicana
_xEstadísticas
_y2006
_956069
650 1 4 _aEncuestas de hogares
_zRepública Dominicana
_y2006
_956070
650 1 4 _aEncuestas de viviendas
_zRepública Dominicana
_y2006
_956071
650 1 4 _aEncuestas de población
_zRepública Dominicana
_y2006
_956072
700 1 _aTactuk, Pablo
_95774
710 1 _aRepública Dominicana.
_bOficina Nacional de Estadística
_95775
910 _aValidado. Control de calidad. MFF
942 _2ddc
_cLBS1
999 _c28650
_d28650